Financovanie škôl a školských zariadení po novelách zákonov

Informácia o novelizovaných ustanovení nižšie cit. predpisov, ktoré menia systém financovania regionálneho školstva, konkrétne škôl a školských zariadení fungujúcich v prostredí územnej samosprávy. Novelizované ustanovenia cit. zákonov nadobudli účinnosť 1. januára 2013.

Salvato in:
Dettagli Bibliografici
Autore principale: Veverková, Ingrid
Natura: Capitolo di libro
Lingua:slovacco
Soggetti:
Tags: Aggiungi Tag
Nessun Tag, puoi essere il primo ad aggiungerne!!

MARC

LEADER 00000naa a2200000 4500
001 0168399
005 20231204111433.6
041 0 |a slo 
044 |a SK 
245 1 0 |a Financovanie škôl a školských zariadení po novelách zákonov  |c Ingrid Veverková 
520 |a Informácia o novelizovaných ustanovení nižšie cit. predpisov, ktoré menia systém financovania regionálneho školstva, konkrétne škôl a školských zariadení fungujúcich v prostredí územnej samosprávy. Novelizované ustanovenia cit. zákonov nadobudli účinnosť 1. januára 2013. 
610 2 0 |a financovanie školstva 
610 2 0 |a zariadenia školské 
610 2 0 |a legislatíva 
610 2 0 |a Slovensko 
100 1 |a Veverková, Ingrid